| 000 | 00906nam a2200265 i 4500 | ||
|---|---|---|---|
| 003 | EG-ScBUE | ||
| 005 | 20250715102234.0 | ||
| 008 | 120209s2008 nyua f b 001 0 eng d | ||
| 020 | _a0486467422 | ||
| 020 | _a9780486467429 | ||
| 040 |
_aEG-ScBUE _beng _erda _cEG-ScBUE _dEG-ScBUE |
||
| 082 | 0 | 4 |
_222 _a541.369 _bHIL |
| 100 | 1 |
_928735 _aHill, Terrell L., _eauthor. |
|
| 245 | 1 | 3 |
_aAn Introduction To Statistical Thermodynamics / _cTerrell L. Hill, National Institutes of Health, Bethesda, Maryland. |
| 264 | 1 |
_aNew York : _bDover Publications, Inc., _c2008. |
|
| 300 |
_a508 pages : _billustrations ; _c24 cm |
||
| 336 |
_2rdacontent _atext _btxt |
||
| 337 |
_aunmediated _2rdamedia _bn |
||
| 338 |
_avolume _bnc _2rdacarrier |
||
| 504 | _aIncludes bibliographical references and index. | ||
| 650 | 7 |
_91919 _aThermodynamics. _2BUEsh |
|
| 653 | _cFebruary2012 | ||
| 655 | _vReading book | ||
| 942 |
_2ddc _cBB |
||
| 999 |
_c16423 _d16423 |
||